LEADER 00956nam--2200349---4500 001 990002297510203316 005 20090528182458.0 035 $a000229751 035 $aUSA01000229751 035 $a(ALEPH)000229751USA01 035 $a000229751 100 $a20041222d1979----km-y0ENGy0103----ba 101 0 $aeng 102 $aGB 200 1 $aEquity and the law of trusts$fPhilip H. Pettit 205 $a4. ed 210 $aLondon$cButterworths$d1979 215 $aLVII, 594 p.$d25 cm 410 $12001 606 0 $aEquità 606 0 $aFiducia 676 $a340 700 1$aPETTIT,$bPhilip H.$0229247 801 0$aIT$bsalbc$gISBD 912 $a990002297510203316 951 $aXXV.1.M 36 (IG XXI 19)$b5314 E.C.$cXXV.1.M 36 (IG XXI)$d00230857 959 $aBK 969 $aGIU 979 $aSIAV4$b10$c20041222$lUSA01$h1559 979 $aRSIAV1$b90$c20090528$lUSA01$h1824 996 $aEquity and the Law of Trusts$9579372 997 $aUNISA